Thực hành kĩ thuật 4

Các bài tập trong sách nhằm giúp học sinh lớp 4 thực hiện các hoạt động học tập độc lập và đa dạng trong các tiết học, rèn luyện cho học sinh các kĩ năng thực hành, củng cố và khắc sâu kiến thức....

全面介绍

Đã lưu trong:
书目详细资料
主要作者: Đoàn, Chi
格式: 图书
语言:Undetermined
出版: Hà nội Giáo dục Việt Nam 2020
主题:
标签: 添加标签
没有标签, 成为第一个标记此记录!
Thư viện lưu trữ: Trung tâm Học liệu Trường Đại học Cần Thơ
LEADER 00935nam a2200217Ia 4500
001 CTU_238912
008 210402s9999 xx 000 0 und d
020 |c 6000 
082 |a 372.358076 
082 |b Ch300 
100 |a Đoàn, Chi 
245 0 |a Thực hành kĩ thuật 4 
245 0 |c Đoàn Chi (Chủ biên) 
260 |a Hà nội 
260 |b Giáo dục Việt Nam 
260 |c 2020 
520 |a Các bài tập trong sách nhằm giúp học sinh lớp 4 thực hiện các hoạt động học tập độc lập và đa dạng trong các tiết học, rèn luyện cho học sinh các kĩ năng thực hành, củng cố và khắc sâu kiến thức. 
650 |a Technology,Kĩ thuật 
650 |x Study and teaching (Elementary),Dạy và học (Tiểu học) 
904 |i Hải 
980 |a Trung tâm Học liệu Trường Đại học Cần Thơ